| 000 | 00487nam a22001697a 4500 | ||
|---|---|---|---|
| 005 | 20241125105234.0 | ||
| 008 | 241125b |||||||| |||| 00| 0 eng d | ||
| 020 | _a9780409078848 | ||
| 041 | _aEnglish | ||
| 082 | _a343.4 SIL | ||
| 100 | _lEnglish | ||
| 245 |
_aSilke on South African Income Tax / _cA De Koker and RC Williams |
||
| 260 |
_aDurban: _bLexisNexis (Pty) Ltd, _c1995 |
||
| 300 | _c26 cm. | ||
| 650 |
_aLegal practice _bLaw |
||
| 942 |
_cBK _6ALISON_BN_VRIES |
||
| 999 |
_c3257 _d3257 |
||